00949nam a2200241Ia 4500003000900000008004100009020003100050022002200081022002300103040001600126100003000142245008100172260003100253300001400284490002800298700002500326700002400351700002800375856010800403942000700511999001700518952017200535IN-BaIIA211028s9999 xx s 000 0 eng d a978-2-7598-0439-9 (Online) a1633-4760 (Print) a1638-1963 (Online) cIIA Library aPecontal, E., ed. 938185 0aDark Energy and Dark Matter: Observations, Experiments and Theoriesh[eBook] aFrancebEDP Sciencesc2009 aiv, 336p. aEAS Publications Series aBuchert, T. 938186 aCopin, Y. 938187 aDi Stefano, Ph. 938188 uhttps://www.eas-journal.org/articles/eas/abs/2009/03/contents/contents.htmlyClick Here to Access eBook cEB c20630d20630 00104070aBANbBANd2013-01-01eEDP ScienceshV. 36l0pEB90r2021-11-05uhttps://www.eas-journal.org/articles/eas/abs/2009/03/contents/contents.htmlw2021-11-05yEB